[Event "Valles Occidental-ch U14 qual"]
[Site "Sabadell"]
[Date "2012.01.21"]
[Round "1.3"]
[White "Castellet Menchon, Cora"]
[Black "Perez Jimenez, Victor"]
[Result "1-0"]
[WhiteElo "1939"]
[BlackElo "1700"]
[PlyCount "41"]
[EventDate "2012.01.21"]
[EventType "swiss"]
[EventRounds "6"]
[EventCountry "ESP"]
[SourceTitle "EXT 2024"]
[Source "ChessBase"]
[SourceDate "2023.10.10"]
[SourceVersion "1"]
[SourceVersionDate "2023.10.10"]
[SourceQuality "1"]

1. e4 e5 2. Nf3 Nc6 3. Bb5 Bc5 4. 0-0 Nge7 5. c3 0-0 6. Re1 d6 7. d3 d5 8. exd5 Nxd5 9. Bxc6 bxc6 10. Nxe5 Bb7 11. d4 Be7 12. Nd2 c5 13. c4 Nf4 14. d5 c6 15. dxc6 Bc8 16. Nb3 Qb6 17. Bxf4 Bf6 18. Qf3 Be6 19. Nd7 Qd8 20. Nxf8 Kxf8 21. Rad1 1-0